Train to Pakistan/ (Record no. 172078)

MARC details
000 -LEADER
fixed length control field 00584nam a22002057a 4500
003 - CONTROL NUMBER IDENTIFIER
control field dpl
005 - DATE AND TIME OF LATEST TRANSACTION
control field 20200127130934.0
008 - FIXED-LENGTH DATA ELEMENTS--GENERAL INFORMATION
fixed length control field 200127b ||||| |||| 00| 0 eng d
010 ## - LIBRARY OF CONGRESS CONTROL NUMBER
LC control number B-307173
020 ## - INTERNATIONAL STANDARD BOOK NUMBER
International Standard Book Number 100670081493
Terms of availability 295.00
035 ## - SYSTEM CONTROL NUMBER
System control number B-307173
040 ## - CATALOGING SOURCE
Transcribing agency 0
050 ## - LIBRARY OF CONGRESS CALL NUMBER
Classification number N
Item number SIN
100 ## - MAIN ENTRY--PERSONAL NAME
Personal name Khushwant Singh
245 ## - TITLE STATEMENT
Title Train to Pakistan/
Statement of responsibility, etc Khushwant Singh
260 ## - PUBLICATION, DISTRIBUTION, ETC. (IMPRINT)
Place of publication, distribution, etc New Delhi
Name of publisher, distributor, etc Penguin Book India Pvt. Ltd.
Date of publication, distribution, etc 1956
270 ## - ADDRESS
Address 11 Community Centre Panchsheel Park
City New Delhi
Country India
Postal code 110017
300 ## - PHYSICAL DESCRIPTION
Extent 190p.
Dimensions 15cms
942 ## - ADDED ENTRY ELEMENTS (KOHA)
Source of classification or shelving scheme Dewey Decimal Classification
Koha item type English Books
Classification part N
Item part SIN
Call number prefix N
Call number suffix SIN
Holdings
Withdrawn status Lost status Source of classification or shelving scheme Damaged status Not for loan Collection code Home library Current library Date acquired Source of acquisition Cost, normal purchase price Total Checkouts Full call number Barcode Date last seen Date checked out Cost, replacement price Price effective from Koha item type
    Dewey Decimal Classification     Fiction Shahdara Branch Shahdara Branch 27/01/2020 BPPD/PUB 295.00 4 N SIN B-307173 30/12/2022 06/07/2022 295.00 27/01/2020 English Books

© Delhi Public Library
Hit Counter
free hit counter